Diccionario de derecho empresarial : con los conceptos económicos complementarios /

Uloženo v:
Podrobná bibliografie
Hlavní autor: Ribó Durán, Luis (autor)
Další autoři: Fernández Fernández, Joaquín (autor) (autor)
Médium: Kniha
Jazyk:španělština
Vydáno: Barcelona, España : Bosch, 1998, c1998
Témata:
Tagy: Přidat tag
Žádné tagy, Buďte první, kdo vytvoří štítek k tomuto záznamu!

MARC

LEADER 00000nam^a2200000^a^4500
001 000136262
005 20250521000000.0
009 20260310095311.957
020 |a 84-7676-457-X 
037 |a Acervo ITESO - Biblioteca 
041 |a ESP 
082 |a 346. 46065  |b RIB 
100 |a Ribó Durán, Luis  |e (autor) 
245 1 0 |a Diccionario de derecho empresarial :  |b con los conceptos económicos complementarios /  |c L. Ribó Durán, J. Fernández Fernández. 
264 4 |a Barcelona, España :  |b Bosch,  |c 1998, c1998 
300 |a 922 p. 
336 |a texto  |b txt  |2 rdacontenido 
337 |a sin mediación  |b n  |2 rdamedio 
338 |a volumen  |b nc  |2 rdasoporte 
649 |a XX 
650 |a Empresas -  |z España -  |x Aspectos Jurídicos 
650 |a Derecho Fiscal -  |z España -  |x Enciclopedias y Diccionarios 
650 |a Derecho Financiero -  |z España -  |x Enciclopedias y Diccionarios 
650 |a Derecho Laboral -  |z España -  |x Enciclopedias y Diccionarios 
650 |a Derecho Público -  |z España -  |x Enciclopedias y Diccionarios 
650 |a Derecho Mercantil -  |z España -  |x Enciclopedias y Diccionarios 
650 |a Derecho Civil -  |z España -  |x Enciclopedias y Diccionarios 
650 |a Derecho Privado -  |z España -  |x Enciclopedias y Diccionarios 
650 |a Economía -  |x Enciclopedias y Diccionarios 
650 |a Ciencias Administrativas -  |x Enciclopedias y Diccionarios 
650 |a Enciclopedias y Diccionarios 
700 |a Fernández Fernández, Joaquín  |e (autor) 
910 |a Fondo General 
920 |a Impresos - Libros 
930 |a Obras de Referencia 
905 |a 102 
901 |a 0500064819  |b IT2  |c REF  |u 20250521 
902 |a https://opac.biblio.iteso.mx/vufind/Record/000136262